Giáo trình quản trị tài chính doanh nghiệp /

Sparad:
Bibliografiska uppgifter
Övriga upphovsmän: Dương Đức Lân, PGS.TS., Lê Thị Bích Ngọc, TS., Nguyễn Văn Định, PGS.TS., Nguyễn Văn Nam, GS.TS., Phạm Quang Trung, PGS.TS. (chủ biên.), Trần Thị Minh Hương, TS., Vũ Đình Hiển, TS.
Materialtyp: Sách giấy
Språk:Vietnamese
Publicerad: H. : Đại học Kinh tế Quốc dân, 2011.
Ämnen:
Taggar: Lägg till en tagg
Inga taggar, Lägg till första taggen!
Thư viện lưu trữ: Thư viện Trường Đại học Đà Lạt
LEADER 01968nam a2200385 4500
001 DLU120145020
005 ##20121221
040 # # |a DLU  |b vie 
041 # # |a vie 
044 # # |a vn 
082 # # |a 658.15  |b Gia 
245 # # |a Giáo trình quản trị tài chính doanh nghiệp /  |c Phạm Quang Trung chủ biên, ...[et al.]. 
260 # # |a H. :  |b Đại học Kinh tế Quốc dân,  |c 2011. 
300 # # |a 311 tr. ;  |c 21 cm. 
504 # # |a Tài liệu tham khảo: tr. 310-311. 
505 # # |a Chương 1. Quản lý tài sản cố định -- Chương 2. Quản lý tài sản lưu động và vốn lưu động -- Chương 3. Các báo cáo tài chính chủ yếu -- Chương 4. Quản lý vốn bằng tiền -- Chương 5. Quản lý tín dụng thương mại -- Chương 6. Quản lý nguồn vốn của doanh nghiệp -- Chương 7. Giá trị hiện tại -- Chương 8. Các quyết định và phân tích về chi phí đầu tư -- Chương 9. Doanh lợi, rủi ro trong hoạt động đầu tư -- Chương 10. Rủi ro kinh doanh và đòn bẩy hoạt động -- Chương 11. Tính toán giá trị hiện tại và đánh giá chứng khoán -- Chương 12. Phân tích tài chính trong quản lý doanh nghiệp -- Chương 13. Cơ cấu vốn - một số khái niệm cơ bản -- Chương 14. Chính sách cổ tức. 
650 # # |a Doanh nghiệp  |x Tài chính  |v Giáo trình. 
700 # # |a Dương Đức Lân,  |c PGS.TS. 
700 # # |a Lê Thị Bích Ngọc,  |c TS. 
700 # # |a Nguyễn Văn Định,  |c PGS.TS. 
700 # # |a Nguyễn Văn Nam,  |c GS.TS. 
700 # # |a Phạm Quang Trung,  |c PGS.TS.  |e chủ biên. 
700 # # |a Trần Thị Minh Hương,  |c TS. 
700 # # |a Vũ Đình Hiển,  |c TS. 
923 # # |a 08/2012 
991 # # |a GT 
992 # # |a 65000 
994 # # |a DLU 
900 # # |a True 
911 # # |a Đào Thị Thu Huyền 
925 # # |a G 
926 # # |a A 
927 # # |a SH 
980 # # |a Thư viện Trường Đại học Đà Lạt